000 01058cam a2200373 4500
001 0038
003 DO-SdBNP
005 20220624130720.0
007 0038
008 100205s2009 sp 2009 || 001 0 spa
015 _a
017 _a
_b
020 _a9788430606733
035 _a
040 _aBPMSU
_bspa
_cBPMSU
_e
080 _a
080 _a
082 _a946
_bF993e 2009
_222
100 1 _aFusi, Juan Pablo,
_d1945-
245 1 3 _aEl espejo del tiempo :
_bla historia y el arte de España /
_cJuan Pablo Fusi, Francisco Calvo Serraller
_h
260 _aMadrid :
_bTaurus,
_c2009.
300 _a566 p. :
_bil.
_c26 cm.
490 1 _aTaurus historia
500 _aIncluye índice alfabético
500 _a Incluye datos biográficos del autor
650 4 _aMonarquía
_xHistoria
_zEspaña.
650 4 _aArte español
_xHistoria y crítica.
651 4 _aEspaña
_xHistoria.
651 4 _aEspaña
_xPolítica y gobierno
700 1 _aCalvo Serraller, Francisco,
_d1948-
910 _aVMateo V.
942 _2ddc
_cBK
945 _a
999 _c11331
_d11331